Statistics for Nba 2022 Starting 5's For Every Team

Click here to take the quiz!

General Stats

  • This quiz has been taken 150 times
  • The average score is 70 of 150

Answer Stats

teams1-5players% Correct
hawkspgtrae young
98%
celticssgjaylen brown
87%
celticssfjason tatum
85%
celticscrobert williams III
85%
hawkscclint capela
84%
thunderckenrich williams
83%
grizzliessfziaire williams
83%
netspgkyrie irving
81%
hawkspfjohn collins
80%
spurspgdejounte murray
79%
netssgseth curry
78%
celticspfal horford
76%
hornetspglamelo ball
76%
warriorspgstephen curry
76%
76erssgjames harden
74%
celticspgmarcus smart
72%
76erssfdanny green
68%
rocketssgjalen green
68%
bullspfjavonte green
68%
nuggetssfjeff green
68%
warriorssgklay thompson
68%
nuggetscnikola jokic
68%
heatsfjimmy butler
67%
lakerspflebron james
67%
buckspfgiannis antetokounmpo
66%
mavspgluka doncic
65%
buckspgjrue holiday
63%
kingssgjustin holiday
63%
bullssgzach lavine
63%
lakerscanthony davis
62%
sunspgchris paul
62%
bullssfdemar derozan
62%
jazzsgdonovan mitchell
62%
buckssfkhris middleton
62%
sunssfmikal bridges
62%
lakerspgrussell westbrook
62%
heatcbam adebayo
61%
sunssgdevin booker
61%
grizzliespgja morant
61%
76erscjoel embiid
61%
hornetspfmiles bridges
61%
cavspgdarius garland
60%
hawkssfde'andre hunter
60%
buckssggrayson allen
60%
grizzliespfjaren jackson jr
60%
cavscjarrett allen
60%
heatpgkyle lowry
60%
jazzcrudy gobert
59%
76erspftobias harris
59%
magicsggary harris
58%
clipperspgreggie jackson
58%
wolvesckarl anthony towns
57%
grizzliescsteven adams
57%
warriorssfandrew wiggins
56%
blazerspganfernee simons
55%
pistonssgcade cunningham
55%
kingspgdeaaron fox
55%
sunscdeandre ayton
55%
kingscdomantas sabonis
55%
knickspfjulius randle
55%
wolvessganthony edwards
54%
pelicanssfbrandon ingram
53%
netssfkessler edwards
53%
thunderpgshai gilgeous alexander
53%
wolvespgdangelo russell
52%
hawkssgkevin huerter
51%
mavssfdorian finney smith
50%
heatsgduncan robinson
50%
cavspfevan mobley
50%
raptorspgfred vanvleet
50%
warriorsckevon looney
50%
knickscmitchell robinson
50%
bullscnikola vucevic
50%
pacerspgtyrese haliburton
50%
raptorscpascal siakam
49%
76erspgtyrese maxey
49%
pelicanssgcj mccollum
48%
grizzliessgdesmond bane
48%
mavssgjalen brunson
48%
rocketspgkevin porter jr
48%
warriorspfotto porter jr
48%
lakerssftalen horton tucker
48%
jazzsfbojan bogdanovic
47%
magicpgcole anthony
47%
heatpfpj tucker
47%
jazzpgmike conley
46%
rocketscchristian wood
45%
blazerscjusuf nurkic
45%
wizardsckristaps porzingis
45%
hornetssgterry rozier
44%
spurssfkeldon johnson
43%
knickssgrj barrett
43%
kingssfharrison barnes
41%
clipperscivica zubac
41%
raptorssfscottie barnes
41%
pacerssfbuddy hield
40%
pelicanscjonas valanciunas
39%
thundersgjosh giddey
39%
hornetscmason plumlee
39%
spurscjakob poeltl
38%
wizardspfkyle kuzma
38%
buckscbobby portis
37%
mavscdwight powell
37%
clipperssgnorman powell
37%
netscandre drummond
36%
knickspgkemba walker
36%
spurssglonnie walker IV
36%
thundersfluguentz dort
36%
magicpfwendell carter jr
36%
sunspfjae crowder
35%
pistonspfjerami grant
35%
clipperssfmarcus morris sr
34%
nuggetspgmonte morris
34%
pelicanspfherbert jones
33%
magiccmo bamba
32%
wizardssgkentavious caldwell pope
31%
raptorspfog anunoby
30%
pistonscisaiah stewart
28%
lakerssgmalik monk
28%
magicsffranz wagner
27%
raptorssggary trent jr
27%
pistonssfseddiq bey
27%
wolvespfjarred vanderbilt
26%
blazerssgjosh hart
26%
cavssgisaac okoro
24%
knickssfevan fournier
23%
netspflamarcus aldridge
23%
nuggetssgwill barton
23%
pelicanspgdevonte graham
21%
hornetssfkelly oubre jr
21%
cavssfcedi osman
20%
thunderpfdarius bazley
19%
jazzpfroyce oneale
19%
rocketspfjaesean tate
18%
clipperspfnicolas batum
18%
wolvessfjaden mcdaniels
17%
bullspgayo dosunmu
15%
mavspfreggie bullock
13%
pacerssgchris duarte
9%
spurspfdoug mcdermott
9%
wizardspgraul neto
8%
nuggetspfaaron gordan
7%
pistonspgcory joseph
7%
wizardssfdeni avdija
7%
rocketssferic gordan
7%
pacerspfoshae brissett
6%
pacerscgoga bitadze
5%
blazerspfjustice winslow
3%
blazerssfcj elleby
2%
kingspfmaurice harkless
1%

Score Distribution

Percentile by Number Answered

Percent of People with Each Score

Your Score History

You have not taken this quiz